Statistics for European Landlocked Countries

Click here to take the quiz!

General Stats

  • This quiz has been taken 105,197 times
    (105,162 since last reset)
  • The average score is 13 of 15

Answer Stats

Country% Correct
Andorra
93%
Austria
93%
Switzerland
92%
Liechtenstein
91%
Luxembourg
91%
Slovakia
91%
Czech Republic
90%
Hungary
89%
Vatican City
88%
Serbia
86%
Belarus
84%
San Marino
84%
Kosovo
81%
North Macedonia
79%
Moldova
77%

Score Distribution

Percentile by Number Answered

Percent of People with Each Score

Your Score History

You have not taken this quiz since the last reset